000 nam a22 7a 4500
999 _c10184
_d10184
008 180212b ||||| |||| 00| 0 eng d
100 _aCBSE
_96183
245 _aCCE Sample Question Papers
260 _aAgra
_bOswaal Books